[Event "Challenge"]
[Site "http://www.queenalice.com/game.php?id=263146"]
[Date "2007.8.29"]
[Round "-"]
[White "ig0r"]
[Black "zerocool0"]
[Result "0-1"]
[WhiteElo "1475"]
[BlackElo "1553"]

1. e4 c5 2. Bc4 e6 3. Nh3 Nh6 4. d3 Qh4 5. Bxh6 Qxh6 6. O-O Be7 7. Qg4 O-O 8. g3
d5 9. exd5 exd5 10. Bxd5 Bxg4 11. Nf4 Nc6 12. Re1 Rac8 13. Bxc6 bxc6 14. Rxe7
Qf6 15. Rxa7 Qxb2 16. Nd2 Qxa1+ 17. Kg2 Qd1 18. Ne4 Qf3+ 19. Kg1 Rce8 20. Nxc5
Re1# 0-1

[Event "REVANCHE REVANCHE"]
[Site "http://www.queenalice.com/game.php?id=263669"]
[Date "2007.8.30"]
[Round "-"]
[White "zerocool0"]
[Black "jw16js"]
[Result "1-0"]
[WhiteElo "1583"]
[BlackElo "1462"]

1. c4 Nf6 2. d4 d6 3. Nf3 h6 4. d5 Bg4 5. Qa4+ Bd7 6. Qb3 Bc8 7. e4 Nxe4 8. Be3
Qd7 9. Bd3 Nf6 10. O-O e5 11. dxe6 Qxe6 12. Nd4 Qe5 13. Qb5+ Nfd7 14. Nc3 c6 15.
Qxe5+ Nxe5 16. Bf5 Bxf5 17. Nxf5 g6 18. Nd4 Nbd7 19. b3 Bg7 20. Na4 c5 21. Nb5
Nd3 22. Nc7+ Ke7 23. Nxa8 Bxa1 24. Rxa1 Rxa8 25. Bxh6 Rh8 26. Bg7 Rh5 27. Nc3
Rh7 28. Nd5+ Kd8 29. Bf6+ Nxf6 30. Nxf6 Rh6 31. Rd1 Ke7 32. Nd5+ Ke6 33. Rxd3 f5
34. Re3+ Kd7 35. a3 Kc6 36. Ne7+ Kd7 37. Ng8 Rh8 38. Nf6+ Kc7 39. Ne8+ Kc6 40.
Nf6 Rf8 41. Nh7 Rh8 42. Ng5 Kc7 43. Re7+ Kb6 44. Ne6 a5 45. a4 Rh4 46. g3 Re4
47. f3 Re3 48. f4 Rxb3 49. Nc7 Rb1+ 50. Kg2 Ra1 51. Nd5+ Ka7 52. Nc3 Rc1 53. Re3
Rc2+ 54. Kh1 Rc1+ 55. Kg2 Rc2+ 56. Kh3 Rd2 57. Re6 Rc2 58. Nb5+ Kb8 59. Nxd6 Ra2
60. Rxg6 Rxa4 61. Kh4 Ra2 62. h3 a4 63. Re6 a3 64. Re1 Kc7 65. Nxf5 b6 66. g4
Rd2 67. g5 a2 68. g6 Rd8 69. Kh5 Ra8 70. Ra1 Kd7 71. Kg5 Ke8 72. g7 Kf7 73. Kh6
Rh8+ 74. Kg5 Ra8 75. h4 Ra5 76. h5 b5 77. cxb5 c4 78. h6 Kg8 79. Ne7+ Kf7 80.
g8=Q+ Kxe7 81. h7 Rxb5+ 82. Kg4 Rb2 83. Qg7+ Ke6 84. Qxb2 c3 85. Qb3+ Kf6 86.
h8=Q+ Kg6 87. Qe6# 1-0

[Event "Challenge"]
[Site "http://www.queenalice.com/game.php?id=268243"]
[Date "2007.9.7"]
[Round "-"]
[White "krobelus"]
[Black "zerocool0"]
[Result "0-1"]
[WhiteElo "1372"]
[BlackElo "1575"]

1. e4 c5 2. Bc4 e6 3. Nf3 Nc6 4. Nc3 Nf6 5. d3 d5 6. exd5 Nxd5 7. Be3 b6 8. a3
a6 9. Ba2 Be7 10. Nxd5 exd5 11. O-O O-O 12. c4 d4 13. Bd2 Bg4 14. h3 Bxf3 15.
Qxf3 Ne5 16. Qe4 Ng6 17. Rfe1 Qd6 18. b4 Rae8 19. Qb7 a5 20. bxc5 bxc5 21. Bxa5
Rb8 22. Qc7 Rfc8 23. Qxd6 Bxd6 24. Bd2 Nf4 25. Bb1 Rb3 26. Bxf4 Bxf4 27. a4 Bd2
28. Re7 Bc3 29. a5 Bxa1 30. a6 Rxb1+ 31. Kh2 Rd1 32. a7 Rxd3 33. Rb7 g6 34. Rb8
Rxb8 35. axb8=Q+ Kg7 36. Qe5+ Kg8 37. Qxc5 Rd2 38. Qc8+ Kg7 39. Qc7 d3 40. Qa5
Rd1 41. Qa2 Bc3 42. Qb3 Rc1 43. c5 d2 44. c6 d1=Q 45. Qa3 Be5+ 0-1

[Event "REVANCHE"]
[Site "http://www.queenalice.com/game.php?id=268524"]
[Date "2007.9.8"]
[Round "-"]
[White "jw16js"]
[Black "zerocool0"]
[Result "0-1"]
[WhiteElo "1455"]
[BlackElo "1594"]

1. e4 c5 2. d3 e6 3. Bd2 Nf6 4. Bg5 Be7 5. Be2 Nc6 6. Nf3 a6 7. e5 Nh5 8. g4
Bxg5 9. gxh5 Bf4 10. d4 cxd4 11. Nxd4 Nxe5 12. Nb3 Qg5 13. Bf1 b6 14. Bg2 Qxg2
15. Rf1 Nf3+ 16. Ke2 Nxh2 17. N1d2 Nxf1 18. Nxf1 Qe4+ 19. Ne3 Bb7 20. Kd2 Rc8
21. Kc1 Bxe3+ 22. fxe3 Qxe3+ 23. Nd2 Be4 24. c3 b5 25. a4 b4 26. a5 bxc3 27. Qb3
cxd2+ 28. Kd1 Bf3# 0-1

[Event "Brasil x Schotland"]
[Site "http://www.queenalice.com/game.php?id=270851"]
[Date "2007.9.12"]
[Round "-"]
[White "jw16js"]
[Black "zerocool0"]
[Result "1-0"]
[WhiteElo "1466"]
[BlackElo "1604"]

1. e4 c5 2. Bc4 e6 3. f3 a6 4. Nc3 Nc6 5. Nge2 Nf6 6. d3 b5 7. Bxb5 Nd4 8. Ba4
Qa5 9. Nf4 Bd6 10. Bd2 O-O 11. b3 Bb7 12. Nce2 Qb6 13. Nc3 Nb5 14. Bxb5 axb5 15.
Qe2 Qa5 16. Nb1 b4 17. a4 Be5 18. Ra2 Rac8 19. c4 g6 20. Qe3 Nh5 21. Nxh5 gxh5
22. Qg5+ Bg7 23. Qg3 Qc7 24. Bf4 h4 25. Qxh4 e5 26. Be3 Qc6 27. Qg3 Qg6 28. Qh3
d6 29. Nd2 Rb8 30. Nf1 Bf6 31. Ng3 Bg5 32. Re2 f6 33. Nf5 Rfe8 34. Nxd6 Bc8 35.
Qg3 Rd8 36. Bxc5 Be6 37. O-O Bf4 38. Qf2 Qh5 39. h4 Bh3 40. g4 Qg6 41. Rd1 h5
42. Be3 Rxd6 43. Bxf4 exf4 44. Qh2 hxg4 45. Kh1 gxf3 46. Rg1 Bg2+ 47. Rexg2
fxg2+ 48. Rxg2 Qxg2+ 49. Qxg2+ Kf7 50. Qf3 Rg8 51. c5 Rdd8 52. c6 Rc8 53. Qh5+
Rg6 54. Qh7+ 1-0

[Event "ceará a maior torcida "]
[Site "http://www.queenalice.com/game.php?id=273182"]
[Date "2007.9.18"]
[Round "-"]
[White "JOROVAS"]
[Black "zerocool0"]
[Result "1-0"]
[WhiteElo "1375"]
[BlackElo "1582"]

1. e4 c5 2. d3 d6 3. c3 e5 4. Nf3 Bg4 5. Be2 Be7 6. Ng1 Bxe2 7. Qxe2 Nf6 8. Qe3
h6 9. Qg3 O-O 10. Bxh6 Nh5 11. Qg4 Bf6 12. Qxh5 gxh6 13. Qxh6 Bg7 14. Qe3 Nd7
15. Nd2 Nf6 16. h3 a6 17. Ngf3 Nh7 18. h4 Qf6 19. g4 Qf4 20. Nc4 Qxe3+ 21. fxe3
Rad8 22. O-O-O b5 23. Nb6 f6 24. Rdf1 Bh6 25. Kd2 a5 26. a3 b4 27. axb4 axb4 28.
cxb4 cxb4 29. d4 exd4 30. Nxd4 Rde8 31. Kd3 Rf7 32. Nc4 Bf8 33. Rfg1 Rg7 34. b3
Be7 35. Nc6 Bf8 36. Nd4 Rd8 37. Ne6 Rdd7 38. Nxg7 Bxg7 39. Rc1 d5 40. Nb6 dxe4+
41. Kxe4 Re7+ 42. Kf3 Bh6 43. Nd5 Re5 44. Rhd1 f5 45. g5 Nxg5+ 46. hxg5 Bxg5 47.
Rc7 Re8 48. Rh1 Bd8 49. Rch7 Kf8 50. Ra7 Kg8 51. Nxb4 Bb6 52. Rb7 Bxe3 53. Nd5
Bg5 54. Rg1 1-0

[Event "5º DUELO"]
[Site "http://www.queenalice.com/game.php?id=273837"]
[Date "2007.9.19"]
[Round "-"]
[White "jw16js"]
[Black "zerocool0"]
[Result "0-1"]
[WhiteElo "1448"]
[BlackElo "1567"]

1. e4 c5 2. Nc3 d6 3. d3 e5 4. Nd5 Be6 5. Nc3 Bc8 6. Be3 Nc6 7. a3 a6 8. Nd5 Be6
9. Nf3 Be7 10. Nxe7 Qxe7 11. c4 Nf6 12. Ng5 Ng4 13. Nxe6 Qxe6 14. Be2 Nxe3 15.
Qb3 Na5 16. Qc3 Nxg2+ 17. Kf1 Nf4 18. Rg1 O-O 19. Qxa5 Qh3+ 20. Ke1 Qxh2 21. Kd2
Qxf2 22. Rae1 Qd4 23. Qb6 Rfd8 24. Rc1 Qf2 25. Rce1 Nxe2 26. Rgf1 Qg2 27. Kd1
Rab8 28. Qb3 Nd4 29. Qc3 Nf3 30. Kc1 Nxe1 31. Qxe1 b6 32. Rf2 Qg5+ 33. Kc2 a5
34. Qf1 f6 35. Rf5 Qg3 36. Rf3 Qg5 37. Rf2 b5 38. b3 b4 39. a4 Qh6 40. Kb2 Qe3
41. Rc2 h5 42. Qf5 h4 43. Qe6+ Kf8 44. Qd5 Qf4 45. Qe6 Qg3 46. Qf5 h3 47. Qh7
Qxd3 48. Qh4 g5 49. Qe1 Rb7 50. Qc1 Rh7 51. Qh1 f5 52. exf5 Qxf5 53. Qh2 g4 54.
Rf2 Qxf2+ 55. Qxf2+ Rf7 56. Qh4 Rdd7 57. Kc2 Rh7 58. Qxg4 h2 59. Qf5+ Ke8 60.
Qg6+ Kd8 61. Qf6+ Kc7 62. Kd3 h1=Q 63. Qf2 Rdf7 64. Qe2 Rh3+ 65. Qe3 Rxe3+ 66.
Kxe3 Qf3+ 0-1

[Event "Challenge"]
[Site "http://www.queenalice.com/game.php?id=275312"]
[Date "2007.9.21"]
[Round "-"]
[White "eduardofelix"]
[Black "zerocool0"]
[Result "1-0"]
[WhiteElo "1610"]
[BlackElo "1582"]

1. d4 g6 2. e4 d6 3. d5 Bg7 4. Nf3 Nf6 5. Bd3 Bg4 6. h3 Bxf3 7. Qxf3 Nbd7 8. Be2
O-O 9. O-O a6 10. Qd3 Ne5 11. Qd4 c5 12. Qe3 b5 13. a3 Qa5 14. f3 Nc4 15. Bxc4
bxc4 16. Bd2 Qb5 17. Bc3 e5 18. Qe2 a5 19. Nd2 Rab8 20. Nxc4 Nh5 21. Rfe1 Ng3
22. Qd3 a4 23. Nxd6 Qxd3 24. cxd3 Bh6 25. Nc4 Nh5 26. Nxe5 Nf6 27. Rab1 Bf4 28.
Nc4 Nh5 29. Be5 Rbd8 30. g4 Bxe5 31. Nxe5 Nf6 32. Nc6 Rd7 33. Rec1 Rc7 34. Rxc5
Re8 35. d6 Rd7 36. e5 Nxg4 37. fxg4 f6 38. d4 f5 39. gxf5 gxf5 40. Ne7+ Kf7 41.
Nxf5 Rg8+ 42. Kf2 Ke6 43. Ne3 Rf8+ 44. Ke2 Rg7 45. Kd3 Rf3 46. Rc7 Rfg3 47. Rbc1
1-0

[Event "AUTO-INT-692"]
[Site "http://www.queenalice.com/game.php?id=307900"]
[Date "2007.11.21"]
[Round "1"]
[White "lelinho"]
[Black "zerocool0"]
[Result "1-0"]
[WhiteElo "1806"]
[BlackElo "1578"]

1. d4 g6 2. e4 d6 3. Nc3 a6 4. Nf3 Nf6 5. Be2 Bg7 6. Bg5 O-O 7. Qd2 Nc6 8. h4
Bg4 9. O-O-O Qd7 10. Bh6 Nh5 11. Bxg7 Nxg7 12. Nd5 f6 13. e5 dxe5 14. dxe5 fxe5
15. Bc4 b5 16. Nf6+ Kh8 17. Nxd7 Bxd7 18. Qxd7 Nd4 19. Nxd4 exd4 20. Bd3 1-0

[Event "AUTO-INT-692"]
[Site "http://www.queenalice.com/game.php?id=307901"]
[Date "2007.11.21"]
[Round "1"]
[White "zerocool0"]
[Black "lelinho"]
[Result "0-1"]
[WhiteElo "1571"]
[BlackElo "1813"]

1. c4 e5 2. Nc3 Nf6 3. g3 Bb4 4. Bg2 O-O 5. e3 c6 6. Nge2 d6 7. a3 Bxc3 8. Nxc3
Be6 9. d3 d5 10. Qb3 Qd7 11. d4 dxc4 12. Qb4 exd4 13. exd4 a5 14. Qb6 Nd5 15.
Nxd5 cxd5 16. O-O Ra6 17. Qc5 Rc8 18. Bf4 Rxc5 19. dxc5 Nc6 20. Rad1 Ne7 21. b4
axb4 22. axb4 Ra4 0-1

[Event "AUTO-INT-692"]
[Site "http://www.queenalice.com/game.php?id=307912"]
[Date "2007.11.21"]
[Round "1"]
[White "Altos"]
[Black "zerocool0"]
[Result "1-0"]
[WhiteElo "1633"]
[BlackElo "1565"]

1. e4 c5 2. Nf3 g6 3. d4 cxd4 4. Qxd4 Nf6 5. Nc3 Nc6 6. Qd1 d6 7. Bc4 Ne5 8.
Nxe5 dxe5 9. Qxd8+ Kxd8 10. Bg5 h6 11. Bxf6 exf6 12. Bxf7 g5 13. O-O-O+ Ke7 14.
Bd5 Kd7 15. Bxb7+ Ke7 16. Bxa8 Be6 17. Bd5 Bd7 18. b3 Ke8 19. Rd3 Ba3+ 20. Kb1
Ke7 21. Rhd1 f5 22. exf5 Bxf5 23. Re3 Kf6 24. Ne4+ Bxe4 25. Bxe4 1-0

[Event "AUTO-INT-692"]
[Site "http://www.queenalice.com/game.php?id=307913"]
[Date "2007.11.21"]
[Round "1"]
[White "zerocool0"]
[Black "Altos"]
[Result "1-0"]
[WhiteElo "1540"]
[BlackElo "1638"]

1. c4 e6 2. Nc3 d5 3. d4 dxc4 4. e3 Nf6 5. Bxc4 Bd6 6. Nf3 h6 7. O-O O-O 8. a3
b6 9. e4 Nfd7 10. e5 Be7 11. Ne4 Bb7 12. Nfd2 Bxe4 13. Nxe4 Nc6 14. Bb5 Ncb8 15.
a4 a5 16. Qh5 f6 17. exf6 Nxf6 18. Qe5 Nxe4 19. Qxe4 Nd7 20. Qxe6+ Kh8 21. Bxd7
Rf6 22. Qg4 Bd6 23. g3 Qe7 24. Bc6 Raf8 25. Be3 Qe6 26. Qxe6 Rxe6 27. Bd5 Ref6
28. Rac1 Rf5 29. Be4 R5f6 30. d5 Re8 31. Bd3 Be5 32. b3 Rd8 33. f4 Bd6 34. Rc6
Kg8 35. g4 Re8 36. Bd2 Bc5+ 37. Kh1 Bd6 38. g5 hxg5 39. fxg5 Rg6 40. Bxg6 1-0

[Event "AUTO-INT-692"]
[Site "http://www.queenalice.com/game.php?id=307918"]
[Date "2007.11.21"]
[Round "1"]
[White "umdoistresredondoredondo"]
[Black "zerocool0"]
[Result "0-1"]
[WhiteElo "1711"]
[BlackElo "1560"]

1. e4 c5 2. d4 e6 3. Nf3 cxd4 4. Qxd4 Nc6 5. Qd1 Bc5 6. Bc4 Qf6 7. e5 Nxe5 8.
Bg5 Nxf3+ 9. Qxf3 Qxg5 10. O-O Nf6 11. Nd2 Qxd2 12. Bd3 Qh6 13. h3 Bd6 14. Rad1
O-O 15. Ba6 Qf4 16. Qxf4 Bxf4 17. Bd3 g6 18. g3 Be5 19. f4 Nd5 20. fxe5 Ne3 21.
Rd2 Nxf1 22. Bxf1 a6 23. a4 b6 24. Bg2 Rb8 25. b4 a5 26. c3 b5 27. bxa5 bxa4 28.
Ra2 Rb1+ 29. Kf2 f6 30. exf6 Rxf6+ 31. Ke3 Rg1 32. Kd4 d6 33. Rxa4 e5+ 34. Kc4
Ba6+ 35. Kd5 Rxg2 36. Kc6 Rxg3 37. Kd7 Bb5+ 0-1

[Event "AUTO-INT-692"]
[Site "http://www.queenalice.com/game.php?id=307919"]
[Date "2007.11.21"]
[Round "1"]
[White "zerocool0"]
[Black "umdoistresredondoredondo"]
[Result "0-1"]
[WhiteElo "1552"]
[BlackElo "1648"]

1. c4 e5 2. Nc3 c6 3. Nf3 d6 4. d4 exd4 5. Nxd4 Nf6 6. Nf3 Be6 7. b3 d5 8. e3
Bb4 9. Bb2 Ne4 10. Qd4 Qa5 11. Rc1 O-O 12. Bd3 c5 13. Qe5 Nd7 14. Qf4 Nxc3 15.
O-O dxc4 16. bxc4 f6 17. a3 Ne5 18. Nxe5 fxe5 19. Qxe5 Rf6 20. Bxc3 Bxc3 21.
Rxc3 Re8 22. Be4 Bf7 23. Qg3 Qxc3 24. Bxb7 Bxc4 25. Rd1 Qc2 26. Rd7 Qc1+ 0-1

[Event "AUTO-INT-739"]
[Site "http://www.queenalice.com/game.php?id=330145"]
[Date "2008.1.3"]
[Round "1"]
[White "Slazenger"]
[Black "zerocool0"]
[Result "1-0"]
[WhiteElo "1610"]
[BlackElo "1580"]

1. e4 c5 2. c4 Nc6 3. Nf3 d6 4. Nc3 Nf6 5. d3 Nd4 6. Nxd4 cxd4 7. Nd5 Nxd5 8.
exd5 g6 9. b4 Bg7 10. b5 e5 11. g3 O-O 12. h4 Qa5+ 13. Bd2 Qa3 14. Qb1 Bg4 15.
Bg2 a6 16. Bb4 Qa4 17. Bxd6 Rfe8 18. bxa6 bxa6 19. a3 Bf8 20. Bxf8 Rxf8 21. O-O
Rab8 22. Qe1 Qc2 23. f3 Bf5 24. Qxe5 Qxd3 25. Rfc1 Rb2 26. g4 Qd2 27. Qg3 Qe3+
28. Kh1 Be4 29. Re1 Qf2 30. Qxf2 Rxf2 31. fxe4 Rf4 32. Bh3 Rf3 33. Kg2 Rc3 34.
Red1 Rxc4 35. Ra2 Re8 36. Re2 Ra4 37. Rd3 Rc8 38. Rf2 Rc7 39. Rdf3 Rc3 40. Rxf7
Raxa3 41. Rf8+ Kg7 42. R8f3 Rxf3 43. Rxf3 Rxf3 44. Kxf3 a5 45. Bf1 a4 46. Bc4
Kf8 47. Ke2 Ke7 48. Kd3 Kf6 49. Kxd4 h6 50. e5+ 1-0

[Event "AUTO-INT-739"]
[Site "http://www.queenalice.com/game.php?id=330146"]
[Date "2008.1.3"]
[Round "1"]
[White "zerocool0"]
[Black "Slazenger"]
[Result "1-0"]
[WhiteElo "1582"]
[BlackElo "1593"]

1. c4 e5 2. Nc3 c6 3. Nf3 d6 4. Qa4 a6 5. e4 Bd7 6. h3 h6 7. b4 Qb6 8. b5 cxb5
9. cxb5 a5 10. Nd5 Qd8 11. d3 Ne7 12. Nxe7 Bxe7 13. d4 f6 14. Bc4 b6 15. Bd5 Ra7
16. Qb3 Rc7 17. dxe5 dxe5 18. Be3 Bb4+ 19. Nd2 Qc8 20. O-O Ke7 21. Nc4 Bxb5 22.
Nxb6 Qf8 23. Rfc1 Rxc1+ 24. Rxc1 Be8 25. Nc8+ Kd8 26. Bb6+ Kd7 27. Qa4+ Nc6 28.
Qxc6# 1-0

[Event "AUTO-INT-739"]
[Site "http://www.queenalice.com/game.php?id=330157"]
[Date "2008.1.3"]
[Round "1"]
[White "Milton"]
[Black "zerocool0"]
[Result "1-0"]
[WhiteElo "1549"]
[BlackElo "1598"]

1. e4 c5 2. Nf3 g6 3. Nc3 Nc6 4. d4 cxd4 5. Nxd4 Bg7 6. Be3 d6 7. Bc4 a6 8. Qf3
Bxd4 9. O-O-O Nf6 10. Bxd4 Bg4 11. Qf4 Bxd1 12. Rxd1 e5 13. Qh6 exd4 14. Ne2 Nh5
15. Nf4 Nxf4 16. Qxf4 O-O 17. Rd3 b5 18. Bd5 Rc8 19. Rh3 Nb4 20. Qh6 Rxc2+ 21.
Kd1 1-0

[Event "AUTO-INT-739"]
[Site "http://www.queenalice.com/game.php?id=330158"]
[Date "2008.1.3"]
[Round "1"]
[White "zerocool0"]
[Black "Milton"]
[Result "1-0"]
[WhiteElo "1565"]
[BlackElo "1541"]

1. c4 c5 2. Nf3 Nf6 3. d4 cxd4 4. Nxd4 e6 5. g3 Bb4+ 6. Bd2 Bxd2+ 7. Qxd2 Ne4 8.
Qe3 f5 9. Nc3 Nxc3 10. Qxc3 O-O 11. Bg2 Qb6 12. e3 e5 13. Bd5+ Kh8 14. c5 Qg6
15. Qc2 exd4 16. exd4 Qa6 17. Bc4 Qa5+ 18. Qc3 Qxc3+ 19. bxc3 Nc6 20. O-O f4 21.
g4 f3 22. Bd5 Ne7 23. Rae1 Nxd5 24. c4 Nf6 25. g5 Nh5 26. Kh1 b6 27. Re5 d6 28.
cxd6 Bg4 29. Re7 Rfe8 30. Rfe1 Rxe7 31. dxe7 Re8 32. d5 Nf4 33. d6 Kg8 34. Re4
Nd5 35. cxd5 Bd7 36. Rc4 Kf7 37. Rc7 Rxe7 38. dxe7 Kxe7 39. Rxa7 b5 40. a3 Kd6
41. Kg1 Bf5 42. a4 b4 43. Rb7 Kc5 44. Rb5+ Kc4 45. Kf1 Kb3 46. d6 Kxa4 47. Rb6
b3 48. Ke1 Ka3 49. Kd2 b2 50. Kc3 b1=Q 51. Rxb1 Bxb1 52. d7 1-0

[Event "AUTO-INT-739"]
[Site "http://www.queenalice.com/game.php?id=330163"]
[Date "2008.1.3"]
[Round "1"]
[White "Bixu"]
[Black "zerocool0"]
[Result "1-0"]
[WhiteElo "1607"]
[BlackElo "1580"]

1. Nc3 d5 2. d4 Nf6 3. Bf4 e6 4. a3 Nh5 5. Be5 Nc6 6. e3 Qg5 7. Nf3 Qg4 8. g3
Bd6 9. Bxd6 cxd6 10. h3 Qf5 11. g4 Qg5 12. Nxg5 h6 13. Nb5 O-O 14. Ne4 a6 15.
Nc7 Rb8 16. gxh5 dxe4 17. Qg4 e5 18. Qxe4 Bd7 19. O-O-O Rbc8 20. Bd3 g6 21. hxg6
1-0

[Event "AUTO-INT-739"]
[Site "http://www.queenalice.com/game.php?id=330164"]
[Date "2008.1.3"]
[Round "1"]
[White "zerocool0"]
[Black "Bixu"]
[Result "1-0"]
[WhiteElo "1565"]
[BlackElo "1694"]

1. c4 Nc6 2. Nf3 d5 3. d4 Bf5 4. e3 Nb4 5. Qa4+ Nc6 6. Nc3 e6 7. Ne5 Bb4 8. b3
a6 9. Bd2 Ne7 10. Be2 O-O 11. O-O Qb8 12. Nd7 Qe8 13. Nxf8 Qxf8 14. h3 Qb8 15.
a3 Bxc3 16. Bxc3 e5 17. dxe5 Be6 18. Bf3 b5 19. cxb5 axb5 20. Qh4 Ng6 21. Qh5
Ncxe5 22. Bxe5 f6 23. Bc3 c5 24. Bxd5 Bxd5 25. Qxd5+ Kh8 26. Rfd1 Qc8 27. Qf7
Qf8 28. Qb7 Rb8 29. Qd7 b4 30. axb4 cxb4 31. Bb2 Ne5 32. Bxe5 fxe5 33. Qd6 Re8
34. Qd7 Rc8 35. Rdc1 Rd8 36. Qb7 Rb8 37. Qd5 Re8 38. Ra4 e4 39. Rca1 Qe7 40. Ra8
g6 41. Rxe8+ Qxe8 42. Ra8 Qxa8 43. Qxa8+ Kg7 44. Qxe4 Kh6 45. Qh4+ Kg7 46. e4 h5
47. Qf4 Kh7 48. e5 g5 49. Qxg5 h4 50. e6 Kh8 51. e7 Kh7 52. Qf5+ Kg7 53. Qe6 Kh7
54. e8=Q Kg7 55. Q8f7+ Kh8 56. Qee8# 1-0